[Event "38. Offene Stadtmeisterschaft"]
[Site "Bergisch Gladbach"]
[Date "2016.10.14"]
[Round "7.1"]
[White "Ljuboschiz, Alexander"]
[Black "Gutt, Oswald"]
[Result "1-0"]
[WhiteElo "1998"]
[BlackElo "1874"]
[PlyCount "85"]
[EventDate "2016.??.??"]
[EventType "swiss"]
[EventRounds "7"]

1. e4 e5 2. Nf3 Nc6 3. Bc4 Nf6 4. d3 Bc5 5. c3 d6 6. h3 Qe7 7. O-O a6 8. Bb3 h6
9. Be3 O-O 10. Nbd2 Bxe3 11. fxe3 Nh7 12. Qe1 Be6 13. Nh4 g6 14. Ndf3 Bxb3 15.
axb3 Qe6 16. b4 Ne7 17. Nh2 h5 18. d4 d5 19. exd5 Qxd5 20. e4 Qb3 21. d5 Rad8
22. Qg3 Qxb2 23. Qxe5 Rd7 24. Rad1 Nc8 25. Rf2 Qb3 26. Rdf1 Re7 27. Qg3 Nd6 28.
Nf5 Rxe4 29. Nxd6 cxd6 30. Rxf7 Rxf7 31. Qxg6+ Rg7 32. Qxe4 Ng5 33. Qe8+ Kh7
34. Qxh5+ Kg8 35. Ng4 Nf7 36. Rxf7 Rxf7 37. Nh6+ Kg7 38. Nxf7 Qxc3 39. Nxd6
Qxb4 40. Qe5+ Kh7 41. Nf5 Qb1+ 42. Kh2 Kg6 43. Qg7+ 1-0

[Event "38. Offene Stadtmeisterschaft"]
[Site "Bergisch Gladbach"]
[Date "2016.10.14"]
[Round "7.2"]
[White "Eilers, Jochen"]
[Black "Themm, Rainer"]
[Result "1-0"]
[WhiteElo "1956"]
[BlackElo "1871"]
[PlyCount "103"]
[EventDate "2016.??.??"]
[EventType "swiss"]
[EventRounds "7"]

1. g3 c5 2. Bg2 Nc6 3. d3 g6 4. e4 Bg7 5. Nc3 d6 6. Be3 Nf6 7. h3 e5 8. Qd2 h6
9. Nge2 Nd4 10. f4 Nh5 11. fxe5 Bxe5 12. O-O Nxe2+ 13. Nxe2 Nxg3 14. Nxg3 Bxg3
15. Rf3 Be5 16. c3 g5 17. Raf1 Rf8 18. d4 cxd4 19. cxd4 Bg7 20. Qb4 Qb6 21. Qc4
Qa6 22. Qb3 Be6 23. d5 Bd7 24. R1f2 Ba4 25. Qa3 Bb5 26. Qb4 Rc8 27. a4 Bd3 28.
Bf1 Bxf1 29. Rxf1 Rc4 30. Qd2 Rxe4 31. Qf2 Re7 32. Bxa7 Be5 33. Bd4 Bf4 34. Rc3
Re2 35. Re1 Rxe1+ 36. Qxe1+ Kd7 37. Qe4 Rd8 38. Bf6 Qb6+ 39. Kh1 Be5 40. Qf5+
Ke8 41. Bxd8 Qxb2 42. Rc2 Qb1+ 43. Kg2 Qb3 44. Bb6 Qxb6 45. Qc8+ Ke7 46. Qc7+
Qxc7 47. Rxc7+ Kf6 48. Rxb7 Kg6 49. a5 f5 50. a6 Bd4 51. Rd7 Bc5 52. Rxd6+ 1-0

[Event "38. Offene Stadtmeisterschaft"]
[Site "Bergisch Gladbach"]
[Date "2016.10.14"]
[Round "7.3"]
[White "Heckötter, Christian"]
[Black "Henseler, Klaus"]
[Result "1-0"]
[WhiteElo "1985"]
[BlackElo "1816"]
[PlyCount "104"]
[EventDate "2016.??.??"]
[EventType "swiss"]
[EventRounds "7"]

1. d4 Nf6 2. Bg5 Ne4 3. Bf4 g6 4. Be5 Nf6 5. Bxf6 exf6 6. e3 d5 7. c4 Be6 8.
Nc3 c6 9. cxd5 Bxd5 10. Nge2 Bc4 11. Qc2 Bb4 12. a3 Qa5 13. Rc1 Bxc3+ 14. Qxc3
Qxc3+ 15. Nxc3 Bxf1 16. Kxf1 Na6 17. Ke2 O-O 18. Ne4 Kg7 19. Nc5 Nxc5 20. Rxc5
Rad8 21. b4 Rd7 22. Rhc1 Rfd8 23. a4 f5 24. g3 Kf6 25. h4 h6 26. b5 cxb5 27.
axb5 Rd6 28. Ra1 a6 29. bxa6 bxa6 30. Rca5 Ra8 31. Kd3 Rb6 32. R1a2 Ke6 33. Kc4
Rc8+ 34. Rc5 Rcb8 35. Rc7 Rd6 36. Ra7 Rbb6 37. Ra5 Rdc6+ 38. Rc5 Kf6 39. f3 Re6
40. Rcc7 Rec6+ 41. Rxc6+ Rxc6+ 42. Kd5 Rb6 43. e4 fxe4 44. fxe4 Rb5+ 45. Kc4
Ra5 46. g4 Ra1 47. Kd5 Ra5+ 48. Kd6 Kg7 49. d5 Ra1 50. e5 Kf8 51. e6 fxe6 52.
Kxe6 Rd1 1-0

[Event "38. Offene Stadtmeisterschaft"]
[Site "Bergisch Gladbach"]
[Date "2016.10.14"]
[Round "7.5"]
[White "Salbert, Heinrich"]
[Black "Hertling, Jürgen"]
[Result "0-1"]
[WhiteElo "1899"]
[BlackElo "1667"]
[PlyCount "56"]
[EventDate "2016.??.??"]
[EventType "swiss"]
[EventRounds "7"]

1. e4 e5 2. Nf3 Nc6 3. Bb5 a6 4. Ba4 Nf6 5. O-O Be7 6. Re1 b5 7. Bb3 d6 8. c3
O-O 9. d3 Na5 10. Bc2 c5 11. Nbd2 Nc6 12. Nf1 Re8 13. Ne3 h6 14. d4 cxd4 15.
cxd4 exd4 16. Nxd4 Nxd4 17. Qxd4 Bb7 18. Nf5 Bf8 19. Bf4 Rc8 20. Bd3 d5 21.
exd5 Rxe1+ 22. Rxe1 Bc5 23. Qe5 Bxf2+ 24. Kf1 Rc5 25. Qe7 Qxd5 26. Qe8+ Nxe8
27. Rxe8+ Kh7 28. Ne7+ Qxd3+ 0-1

[Event "38. Offene Stadtmeisterschaft"]
[Site "Bergisch Gladbach"]
[Date "2016.10.14"]
[Round "7.6"]
[White "Behle, Burkhard"]
[Black "Rosenauer, Horst"]
[Result "1/2-1/2"]
[WhiteElo "1863"]
[BlackElo "1870"]
[PlyCount "118"]
[EventDate "2016.??.??"]
[EventType "swiss"]
[EventRounds "7"]

1. e4 e5 2. Bc4 Nf6 3. d3 Nc6 4. Nf3 Bc5 5. O-O d6 6. h3 Bb6 7. c3 h6 8. Nbd2
O-O 9. Bb3 a6 10. Nc4 Ba7 11. Be3 b5 12. Ncd2 Na5 13. Bxa7 Rxa7 14. Bc2 c5 15.
d4 Re8 16. d5 Bd7 17. b4 cxb4 18. cxb4 Nb7 19. Qe2 Qb6 20. Qe3 Qxe3 21. fxe3 a5
22. a3 Rc8 23. Rac1 Nd8 24. Bb1 axb4 25. Rxc8 Bxc8 26. axb4 Nd7 27. Bd3 Ra4 28.
Rc1 Nb6 29. Bxb5 Rxb4 30. Rb1 Rxb1+ 31. Nxb1 Bd7 32. Nc3 Kf8 33. Nd2 Ke7 34.
Kf2 Nb7 35. Nb3 Bxb5 36. Nxb5 Nc4 37. Ke2 Kd7 38. Kd3 Nb6 39. Nc3 g6 40. g4 Ke7
41. Ke2 Nd7 42. Na4 Nf6 43. Kf3 Nd7 44. Ke2 f6 45. Kf3 Nb8 46. Nb6 Na6 47. Ke2
Nac5 48. Nxc5 Nxc5 49. Kf3 Kd8 50. Nc4 Kc7 51. h4 g5 52. h5 Na4 53. Ke2 Nc5 54.
Kf3 Nb3 55. Ke2 Kd7 56. Nb6+ Kc7 57. Nc4 Nc1+ 58. Kd2 Nb3+ 59. Ke2 Nc5 1/2-1/2

[Event "38. Offene Stadtmeisterschaft"]
[Site "Bergisch Gladbach"]
[Date "2016.10.14"]
[Round "7.8"]
[White "Schüers, Christian"]
[Black "Lobbes, Frank"]
[Result "0-1"]
[WhiteElo "1520"]
[BlackElo "1721"]
[PlyCount "60"]
[EventDate "2016.??.??"]
[EventType "swiss"]
[EventRounds "7"]

1. d4 f5 2. Nf3 Nf6 3. e3 e6 4. Be2 Be7 5. O-O O-O 6. c4 d5 7. Nc3 Ne4 8. Qb3
c6 9. Nxe4 fxe4 10. Ne5 Nd7 11. Nxd7 Qxd7 12. cxd5 exd5 13. Bd2 Qe8 14. f4 exf3
15. Bxf3 Kh8 16. Rae1 Bh4 17. Re2 Qg6 18. e4 dxe4 19. Rxe4 Bf6 20. Bc3 Bf5 21.
Ree1 Bd3 22. Be2 Bxe2 23. Rxe2 Qd3 24. Qd1 Qc4 25. a3 Rad8 26. Re4 Qd5 27. Ref4
c5 28. Rf5 Bxd4+ 29. Bxd4 Rxf5 30. Bxg7+ Kxg7 0-1

[Event "38. Offene Stadtmeisterschaft"]
[Site "Bergisch Gladbach"]
[Date "2016.10.14"]
[Round "7.11"]
[White "Bigott, Martin"]
[Black "Wilde, Christian"]
[Result "1-0"]
[WhiteElo "1831"]
[BlackElo "1219"]
[PlyCount "77"]
[EventDate "2016.??.??"]
[EventType "swiss"]
[EventRounds "7"]

1. e4 c5 2. Nf3 Nc6 3. c3 e5 4. d4 cxd4 5. cxd4 Bb4+ 6. Nc3 exd4 7. Nxd4 Nf6 8.
Nxc6 bxc6 9. Bd3 Bb7 10. O-O O-O 11. e5 Ne8 12. Qb3 Qb6 13. Be3 Bc5 14. Bxc5
Qxb3 15. axb3 d6 16. exd6 Nf6 17. Rxa7 Rxa7 18. Bxa7 Ra8 19. Bd4 Rd8 20. Bxf6
gxf6 21. Ne4 f5 22. Nc5 Rxd6 23. Bxf5 Rd5 24. Nxb7 Rxf5 25. Nd8 c5 26. Rc1 Rd5
27. Nb7 Rd2 28. Nxc5 Rxb2 29. g3 h6 30. Rc3 Rb1+ 31. Kg2 Kf8 32. Nd3 f5 33. Kf3
Kf7 34. b4 Ke6 35. Rc6+ Kd5 36. Rxh6 Rd1 37. Ke3 f4+ 38. gxf4 Kc4 39. Nb2+ 1-0

[Event "38. Offene Stadtmeisterschaft"]
[Site "Bergisch Gladbach"]
[Date "2016.10.14"]
[Round "7.12"]
[White "Klein, Andreas"]
[Black "Blüggel, Theodor"]
[Result "1-0"]
[WhiteElo "1531"]
[BlackElo "888"]
[PlyCount "61"]
[EventDate "2016.??.??"]
[EventType "swiss"]
[EventRounds "7"]

1. d4 d5 2. c4 dxc4 3. Nf3 e6 4. e3 Nf6 5. Bxc4 Be7 6. O-O O-O 7. Nc3 c6 8. e4
b5 9. Bd3 Bb7 10. Qe2 Nbd7 11. Rd1 a6 12. Bf4 Nb6 13. Rac1 Rc8 14. Bb1 Ne8 15.
Qc2 g6 16. Bh6 Ng7 17. Qe2 Qe8 18. e5 Kh8 19. Ne4 Nd5 20. Nc5 Bxc5 21. Rxc5 Rg8
22. Qd2 Nf5 23. Bxf5 exf5 24. Qg5 Qe7 25. Qd2 Ra8 26. Bg5 f6 27. exf6 Nxf6 28.
Re1 Qd7 29. Bxf6+ Rg7 30. Qh6 Rag8 31. Ng5 1-0

[Event "38. Offene Stadtmeisterschaft"]
[Site "Bergisch Gladbach"]
[Date "2016.10.14"]
[Round "7.13"]
[White "Felsmann, Helmut"]
[Black "Fey, Helmut"]
[Result "0-1"]
[WhiteElo "1293"]
[BlackElo "1365"]
[PlyCount "67"]
[EventDate "2016.??.??"]
[EventType "swiss"]
[EventRounds "7"]

1. e4 c5 2. Nf3 Nc6 3. c3 a6 4. Be2 d6 5. O-O Nf6 6. d4 cxd4 7. Nxd4 Nxe4 8.
Nxc6 bxc6 9. Bf3 d5 10. c4 Nf6 11. Nc3 e6 12. Re1 Be7 13. cxd5 cxd5 14. Be3 O-O
15. Bd4 Bd7 16. Be5 Qb6 17. Rb1 Bc5 18. Re2 Be7 19. a3 Ne8 20. b4 Bf6 21. Bxf6
Nxf6 22. a4 Rac8 23. Rc2 Rc4 24. a5 Qd6 25. b5 Rfc8 26. Rbc1 axb5 27. Be2 R4c5
28. Qd2 Qc7 29. Qd4 Qxa5 30. Qxc5 Rxc5 31. Ra2 Qc7 32. Rac2 Qb6 33. Na4 Rxc2
34. Nxb6 0-1

[Event "38. Offene Stadtmeisterschaft"]
[Site "Bergisch Gladbach"]
[Date "2016.10.14"]
[Round "7.15"]
[White "Hoffmann, Julian"]
[Black "Ramien, Hannah"]
[Result "1-0"]
[WhiteElo "996"]
[BlackElo "843"]
[PlyCount "133"]
[EventDate "2016.??.??"]
[EventType "swiss"]
[EventRounds "7"]

1. e4 e5 2. Nf3 Nc6 3. Bb5 Nf6 4. d3 Bb4+ 5. Bd2 Bxd2+ 6. Nbxd2 d6 7. Bxc6+
bxc6 8. O-O O-O 9. b4 Bg4 10. a3 Rb8 11. h3 Bh5 12. Qe1 h6 13. c3 Re8 14. Qe3
Bxf3 15. Nxf3 Qe7 16. Qxa7 Ra8 17. Qb7 c5 18. bxc5 dxc5 19. Qb2 Qd7 20. Qd2
Rad8 21. Rfd1 Qd6 22. Qe2 Rd7 23. Ra2 Red8 24. Ne1 c6 25. f3 Nh5 26. Kf2 Nf4
27. Qe3 c4 28. d4 c5 29. Rad2 cxd4 30. cxd4 exd4 31. Rxd4 Nd3+ 32. R1xd3 cxd3
33. Rxd6 Rxd6 34. Qd2 f6 35. Ke3 Kf7 36. Nxd3 Rxd3+ 37. Qxd3 Rxd3+ 38. Kxd3 Ke7
39. Kc4 Kd7 40. a4 Kc7 41. Kb5 Kb7 42. a5 Ka7 43. a6 Ka8 44. Kb6 Kb8 45. g4 g6
46. Kc6 Ka7 47. Kd6 Kxa6 48. Ke6 Kb5 49. Kxf6 Kc4 50. e5 Kd4 51. e6 Ke3 52. e7
Kxf3 53. e8=Q Kg3 54. Qe3+ Kh4 55. Qxh6+ Kg3 56. Kxg6 Kf3 57. Kf5 Ke2 58. g5
Kd3 59. g6 Kd4 60. g7 Kd5 61. g8=Q+ Kd4 62. Qhe6 Kc5 63. Qd8 Kb5 64. Qdc8 Ka5
65. Qe7 Kb6 66. Qeb7+ Ka5 67. Qca8# 1-0